<?xml version="1.0" encoding="UTF-8"?>
<record
    xmlns:xsi="http://www.w3.org/2001/XMLSchema-instance"
    xsi:schemaLocation="http://www.loc.gov/MARC21/slim http://www.loc.gov/standards/marcxml/schema/MARC21slim.xsd"
    xmlns="http://www.loc.gov/MARC21/slim">

  <leader>01762nam a22001697a 4500</leader>
  <controlfield tag="008">140625b        xxu||||| |||| 00| 0 eng d</controlfield>
  <datafield tag="020" ind1=" " ind2=" ">
    <subfield code="a">9780415773850</subfield>
  </datafield>
  <datafield tag="050" ind1=" " ind2=" ">
    <subfield code="a">HN49.C6.I554</subfield>
  </datafield>
  <datafield tag="100" ind1=" " ind2=" ">
    <subfield code="a">edited by Phillips Rhonda</subfield>
  </datafield>
  <datafield tag="245" ind1=" " ind2=" ">
    <subfield code="a">An introduction to community development. /</subfield>
    <subfield code="c">Rhonda Phillips</subfield>
  </datafield>
  <datafield tag="260" ind1=" " ind2=" ">
    <subfield code="a">London:</subfield>
    <subfield code="b">Routledge,</subfield>
    <subfield code="c">2009.</subfield>
  </datafield>
  <datafield tag="300" ind1=" " ind2=" ">
    <subfield code="a">xxi,363p.:</subfield>
    <subfield code="b">ill.;</subfield>
    <subfield code="c">24cm.</subfield>
  </datafield>
  <datafield tag="500" ind1=" " ind2=" ">
    <subfield code="a">Includes index.</subfield>
  </datafield>
  <datafield tag="505" ind1=" " ind2=" ">
    <subfield code="a">Contents: Foundations: A frame work for community and economic development -- Seven theories for seven community developers -- Asset-based community development -- Social capital and  community building -- Community development practice -- Preparation and planning: Community visioning and strategic planning -- Etsablishing community-based organizations -- Developing community leadership skills -- Community development assessments -- Community asset mapping and surveys -- Assessing your local economy: industry composition and economic impact analysis -- Programming techniques and strategies: Workforce training for the twenty-first century -- Marketing the community -- Retaining and expanding existing businesses in the community -- Entrepreneurship as a community development strategy -- Tourism-based development -- Housing and community planning -- Neighborhood planning for community development and renewal -- Measuring progress: Community indicators, best practices and benchmarking -- Issues impacting community development: Community development finance -- Securing grants for community development projects -- The glabal economy and community development -- Sustainability in community development -- Conclusions and observations on the future of community development.</subfield>
  </datafield>
  <datafield tag="700" ind1=" " ind2=" ">
    <subfield code="a">Pittman, Robert H.</subfield>
  </datafield>
  <datafield tag="942" ind1=" " ind2=" ">
    <subfield code="2">lcc</subfield>
    <subfield code="c">BK</subfield>
  </datafield>
  <datafield tag="999" ind1=" " ind2=" ">
    <subfield code="c">3076</subfield>
    <subfield code="d">10576</subfield>
  </datafield>
  <datafield tag="952" ind1=" " ind2=" ">
    <subfield code="0">0</subfield>
    <subfield code="1">0</subfield>
    <subfield code="2">lcc</subfield>
    <subfield code="4">0</subfield>
    <subfield code="7">0</subfield>
    <subfield code="a">WIUC-1</subfield>
    <subfield code="b">WIUC-1</subfield>
    <subfield code="c">REF</subfield>
    <subfield code="d">2014-06-25</subfield>
    <subfield code="l">0</subfield>
    <subfield code="o">HN49.C6.I554</subfield>
    <subfield code="p">7463/491/13</subfield>
    <subfield code="r">2014-06-25 00:00:00</subfield>
    <subfield code="t">1</subfield>
    <subfield code="w">2014-06-25</subfield>
    <subfield code="y">BK</subfield>
  </datafield>
</record>
